Derivative markets : (Record no. 345673)

000 -LEADER
fixed length control field 01837 a2200193 4500
020 ## - INTERNATIONAL STANDARD BOOK NUMBER
International Standard Book Number 0673460177
020 ## - INTERNATIONAL STANDARD BOOK NUMBER
International Standard Book Number 9780673460172
082 04 - DEWEY DECIMAL CLASSIFICATION NUMBER
Classification number 332.645
090 ## - LOCALLY ASSIGNED LC-TYPE CALL NUMBER (OCLC); LOCAL CALL NUMBER (RLIN)
-- 3185
-- 3185
100 1# - MAIN ENTRY--PERSONAL NAME
Personal name Ritchken, Peter.
245 10 - TITLE STATEMENT
Title Derivative markets :
Remainder of title theory, strategy, and applications /
Statement of responsibility, etc. Peter Ritchken.
260 ## - PUBLICATION, DISTRIBUTION, ETC.
Place of publication, distribution, etc. [S.l.] :
Name of publisher, distributor, etc. Harpercollins College Div,
Date of publication, distribution, etc. 1996.
300 ## - PHYSICAL DESCRIPTION
Extent 640 p. ;
Dimensions 24 cm.
500 ## - GENERAL NOTE
General note Hardcover.
520 ## - SUMMARY, ETC.
Summary, etc. This text explains how to manage portfolios using options in financial markets. Covering all products traded in the derivative markets (options, futures, futures on options), the text shows how to use contracts as risk-transferring devices and how to value options in financial markets.Int eresting applications include how to value treasury and corporate bonds, convertibles, warrants and operating leases. Ritchken also acknowledges the need to ease readers into the mathematical expressions through more practical inclinations in the business world and also from the students perspective. The author uses a consistent five-step method of introducing new concepts. Much like a geometry textbook, this book builds upon properties, followed by proofs of the property, sometimes with possible trading strategies, tabular or graphical exhibits and applied examples. This accessible presentation provides students with practical examples, presents the underlying corporate institution and overviews derivatives engineering processes. Coverage of the various pricing relationship is backed by arbitrage proofs where needed and all the models are carefully derived, and easy to follow.
856 40 - ELECTRONIC LOCATION AND ACCESS
Materials specified Amazon.com
Uniform Resource Identifier <a href="http://www.amazon.com/exec/obidos/ASIN/0673460177/chopaconline-20">http://www.amazon.com/exec/obidos/ASIN/0673460177/chopaconline-20</a>
856 40 - ELECTRONIC LOCATION AND ACCESS
Materials specified Amazon customer reviews
Uniform Resource Identifier <a href="http://www.chopac.org/cgi-bin/tools/azrev.pl?q=0673460177">http://www.chopac.org/cgi-bin/tools/azrev.pl?q=0673460177</a>
942 ## - ADDED ENTRY ELEMENTS (KOHA)
Institution code [OBSOLETE] NBS
Koha item type Book
Call number prefix 332.645 RIT
Holdings
Withdrawn status Lost status Damaged status Not for loan Permanent Location Current Location Date acquired Total Checkouts Full call number Barcode Date last seen Date last checked out Price effective from Koha item type
        Central Library (CL) Central Library (CL) 08/28/2013 1 332.645 RIT NBS5822 11/22/2017 08/04/2017 08/28/2013 Book
        Central Library (CL) Central Library (CL) 08/28/2013 1 332.645 RIT NBS162 11/22/2017 08/04/2017 08/28/2013 Book
        Central Library (CL) Central Library (CL) 08/28/2013 1 332.645 RIT NBS60 11/22/2017 08/04/2017 08/28/2013 Book
© 2023 Central Library, National University of Sciences and Technology. All Rights Reserved.